A Textbook of Jurisprudence (Record no. 6418)

MARC details
000 -LEADER
fixed length control field 00453nam a22001817a 4500
005 - DATE AND TIME OF LATEST TRANSACTION
control field 20200522100240.0
008 - FIXED-LENGTH DATA ELEMENTS--GENERAL INFORMATION
fixed length control field 200522b xxu||||| |||| 00| 0 eng d
020 ## - INTERNATIONAL STANDARD BOOK NUMBER
ISBN 978019947496
041 ## - LANGUAGE CODE
Language code of text/sound track or separate title eng
082 ## - DEWEY DECIMAL CLASSIFICATION NUMBER
Classification number 340 PAT
100 ## - MAIN ENTRY--AUTHOR NAME
Personal name Paton, GW and Derham , David P.
245 ## - TITLE STATEMENT
Title A Textbook of Jurisprudence
250 ## - EDITION STATEMENT
Edition statement 4'th ed.
260 ## - PUBLICATION, DISTRIBUTION, ETC. (IMPRINT)
Place of publication New Delhi
Name of publisher Oxford University Press
300 ## - PHYSICAL DESCRIPTION
Number of Pages 659, xvii
650 ## - SUBJECT ADDED ENTRY--TOPICAL TERM
Topical Term LAW
942 ## - ADDED ENTRY ELEMENTS (KOHA)
Koha item type Books
Holdings
Lost status Damaged status Collection code Home library Current library Shelving location Date acquired Source of acquisition Cost, normal purchase price Full call number Accession Number Koha item type
    Reference JRU Library JRU Library SHELF-1-A 03/06/2020 PURCHASE 1095.00 340 PAT 24329 Books
    LAW JRU Library JRU Library SHELF-30-B 03/06/2020 PURCHASE 1095.00 340 PAT 24330 Books
    LAW JRU Library JRU Library SHELF-30-B 03/06/2020 PURCHASE 1095.00 340 PAT 24331 Books
    LAW JRU Library JRU Library SHELF-30-B 03/06/2020 PURCHASE 1095.00 340 PAT 24332 Books
    LAW JRU Library JRU Library SHELF-30-B 03/06/2020 PURCHASE 1095.00 340 PAT 24333 Books